01806nam a22002177a 4500999001700000020001800017041000900035082002100044100003000065245006800095260004500163300001100208504001900219520112000238546001301358650002001371650002301391650003101414942001201445952013101457 c38230d38230 a9781526622570 aeng. a363.73874bFRA-E1 aFrankopan, Petereauthor.14aThe Earth Transformed : bAn Untold History /cPeter Frankopan. aLondon :bBloomsbury Publishing, c2023. a736p.  aInclude index. aIn The Earth Transformed, Peter Frankopan, one of the world’s leading historians, shows that the natural environment is a crucial, if not the defining, factor in global history – and not just of humankind. Volcanic eruptions, solar activities, atmospheric, oceanic and other shifts, as well as anthropogenic behaviour, are fundamental parts of the past and the present. In this magnificent and groundbreaking book, we learn about the origins of our species: about the development of religion and language and their relationships with the environment; about how the desire to centralise agricultural surplus formed the origins of the bureaucratic state; about how growing demands for harvests resulted in the increased shipment of enslaved peoples; about how efforts to understand and manipulate the weather have a long and deep history. All provide lessons of profound importance as we face a precarious future of rapid global warming. Taking us from the Big Bang to the present day and beyond, The Earth Transformed forces us to reckon with humankind’s continuing efforts to make sense of the natural world.  aEnglish. aClimate change. aNatural disasters. a HistoryxGeneral History. 2ddccBK 00104070aNASSDOCbNASSDOCd2023-03-16eOverseasg0.00l0o363.73874 FRA-Ep52870r2023-05-20 00:00:00v0.00w2023-05-20yBK